Nhà văn Đào Vũ và những chặng đường sáng tác văn học /

Guardado en:
Detalles Bibliográficos
Autor principal: Phạm Đình Ân.
Formato: Artículo
Lenguaje:Vietnamese
Materias:
Etiquetas: Agregar Etiqueta
Sin Etiquetas, Sea el primero en etiquetar este registro!
Thư viện lưu trữ: Thư viện Trường Đại học Đà Lạt
LEADER 00808nam a2200265 4500
001 DLU090074076
005 ##20090523
040 # # |a DLU  |b vie 
041 # # |a vie 
044 # # |a vn 
100 # # |a Phạm Đình Ân. 
245 # # |a Nhà văn Đào Vũ và những chặng đường sáng tác văn học /  |c Phạm Đình Ân. 
653 # # |a Đào Vũ, 1927 -  
653 # # |a Chân dung văn học 
653 # # |a Văn học hiện thực xã hội chủ nghĩa  
773 # # |t Tạp chí văn học  |g Số 8, 1997, tr.63-65 
920 # # |a Phòng Tạp chí -- Trung tâm Thông tin - Thư viện Trường Đại học Đà Lạt 
994 # # |a DLU 
900 # # |a True 
911 # # |a Nguyễn Thị Linh Chi 
925 # # |a G 
926 # # |a A 
927 # # |a BB 
980 # # |a Thư viện Trường Đại học Đà Lạt